000 00213 a2200097 4500
001 7699
100 _aLeondes, C.T
245 _aAdvances in control systems
260 _a
_bAcademic Press
_c
090 _c6161
_d6161
942 _aNUST-CAE
_cM
_c32669
999 _c242772
_d242772